| 000 | 01262cac a22003495a 4500 | ||
|---|---|---|---|
| 999 |
_c9023 _d9023 |
||
| 003 | EG-ScBUE | ||
| 005 | 20200106121937.0 | ||
| 008 | 190725t2005 maua f d 001 0 eng d | ||
| 020 | _a0205418260 | ||
| 020 | _a9780205418268 | ||
| 040 |
_aEG-ScBUE _beng _erda _cEG-ScBUE _dEG-ScBUE |
||
| 082 | 0 | 4 |
_a070.41 _bBRO _222 |
| 100 | 1 |
_aBrooks, Brian S, _eauthor. |
|
| 245 | 1 | 4 |
_aThe art of editing in the age of convergence / _cBrian S. Brooks, University of Missouri, Columbia, James L. Pinson, Eastern Michigan University, Jack Z. Sissors, Medill School of Journalism, Northwestern University. |
| 250 | _aEighth edition. | ||
| 264 | 1 |
_aBoston : _bPerson Education, _c[2005] |
|
| 264 | 4 | _cc 2005 | |
| 300 |
_axi, 420 pages : _billustrations ; _c24 cm |
||
| 336 |
_2rdacontent _atext _btxt |
||
| 337 |
_2rdamedia _aunmediated _bn |
||
| 338 |
_2rdacarrier _avolume _bnc |
||
| 500 | _aIncludes glossary. | ||
| 500 | _aIncludes index. | ||
| 590 | _anadeen magdy | ||
| 650 | 7 |
_aJournalism _xEditing. _2BUEsh _940619 |
|
| 650 | 7 |
_aCopy editing. _2BUEsh _940620 |
|
| 653 |
_bHHUUEENN _cJuly2019 |
||
| 655 | _vReading book | ||
| 700 | 1 |
_aPinson, James L, _eauthor. |
|
| 700 | 1 |
_aSissors, Jack Zanville, _d1919- _eauthor. _932515 |
|
| 942 |
_cBB _k808.06607 _2ddc |
||